00625 2200229 4500001002100000005001500021035002000036007000300056008004100059082001200100084001400112100002600126245007300152260004300225300003700268650001900305040001700324850001200341041000800353090001600361990001800377INLIS00000000084371520190106022533 a0010-0119000082ta190106 g 0 ind 04223a362 a362 SUM l0 aSumantri Praptokusumo1 aLapangan pekerdjaan dan susunan Kementerian /cSumantri Praptokusumo aJakarta :bKementerian Sosial,c[s.a.] a20 Halaman :bIlustrasi ;c25 cm 4aLayanan sosial aYOPDYOGbind aYOPDYOG0 aind aL 362 SUM l a61760-PD/A.18